| 000 | 00811nam a2200241 4500 | ||
|---|---|---|---|
| 001 | 36836 | ||
| 003 | BD-RjUL | ||
| 005 | 20211209052541.0 | ||
| 008 | 140915r20092005ii a|||| b||| 001 0 eng d | ||
| 020 | _a8173714886 (pbk.) | ||
| 035 | _a(BD-RjUL) | ||
| 040 |
_aBD-RjUL _beng _cBD-RjUL |
||
| 041 | _aeng | ||
| 082 |
_222 _a571.538 |
||
| 100 |
_aJha, Timir Baran. _9112361 |
||
| 245 |
_aPlant tissue culture : _b basic and applied / _c Timir Baran Jha, Biswajit Ghosh. |
||
| 260 |
_a Hyderabad ; _a[Great Britain] : _b Universities Press, _cc2005 [Reprinted 2009] |
||
| 300 |
_ax, 206 p. [8] p. of plates : _b ill. (some col.) ; _e24 cm. |
||
| 504 | _a Includes bibliographical references and index. | ||
| 650 |
_aPlant tissue culture _9112362 |
||
| 700 |
_aGhosha, Biśvajit̲. _9112363 |
||
| 942 |
_2ddc _cBK |
||
| 999 |
_c36836 _d36836 |
||